000 00778nam a2200181Ia 4500
008 100920s9999 xx 000 0 und d
082 _b91226
_a891.43 न 01
100 _aकेडिया ओंकार , पांडे मनोज.
245 _aआम नागरिक अधिकार और सुविधाएं.
260 _bसूचना और प्रसारण मन्त्रालय, भारत सरकार.
_c2001
300 _a292
_bसाधी
365 _b85
520 _aहिंदी.
630 _aआम नागरिक अधिकार और सुविधाएं.
650 _aहिंदी.
730 _aआम नागरिक अधिकार और सुविधाएं.
942 _cBOOK
999 _c731702
_d731699